| 000 | 00882nam a2200289Ia 4500 | ||
|---|---|---|---|
| 001 | Z_3803 | ||
| 003 | CHAP | ||
| 008 | 220113s1980 xx 000 0 und d | ||
| 010 | _a166864 | ||
| 040 | _cCHAP | ||
| 090 | _aFolleto 518 | ||
| 100 |
_aCuca García, Manuel _929989 |
||
| 245 |
_aAlimentación de las aves / _cpor Manuel Cuca García, Ernesto Avila González y Arturo Pro Martínez |
||
| 260 |
_aChapingo, Méx. : _bColegio de Postgraduados, _c1980 |
||
| 300 | _a43 p | ||
| 440 | _a | ||
| 500 | _a | ||
| 503 | _aC/E | ||
| 650 |
_aAves de corral _xAlimentación _98638 |
||
| 650 |
_aAves de corral _xNutrición I. Avila González, Ernesto II. Pró Martínez, Arturo III. Colegio de Postgraduados. Chapingo, Méx. Centro de Ganadería IV. t. _9138094 |
||
| 901 | _aFolleto 518 | ||
| 902 | _aA | ||
| 910 | _a1980 | ||
| 942 | _cc14 | ||
| 942 | _cc14 | ||
| 999 |
_c166864 _d166864 |
||